Intuitive digital computer basics : (Record no. 176749)
[ view plain ]
| 000 -LEADER | |
|---|---|
| fixed length control field | 00988 a2200217 4500 |
| 003 - CONTROL NUMBER IDENTIFIER | |
| control field | Nust |
| 005 - DATE AND TIME OF LATEST TRANSACTION | |
| control field | 20230317102256.0 |
| 010 ## - LIBRARY OF CONGRESS CONTROL NUMBER | |
| LC control number | 87026471 |
| 020 ## - INTERNATIONAL STANDARD BOOK NUMBER | |
| International Standard Book Number | 0070219648 : |
| 020 ## - INTERNATIONAL STANDARD BOOK NUMBER | |
| International Standard Book Number | 0070219656 (pbk.) : |
| 040 ## - CATALOGING SOURCE | |
| Transcribing agency | Nust |
| 082 00 - DEWEY DECIMAL CLASSIFICATION NUMBER | |
| Classification number | 621.39,FRE |
| 100 1# - MAIN ENTRY--PERSONAL NAME | |
| Personal name | Frederiksen, Thomas M. |
| 9 (RLIN) | 110500 |
| 245 10 - TITLE STATEMENT | |
| Title | Intuitive digital computer basics : |
| Remainder of title | an introduction to the digital world / |
| Statement of responsibility, etc. | Thomas M. Frederiksen. |
| 260 ## - PUBLICATION, DISTRIBUTION, ETC. | |
| Place of publication, distribution, etc. | New York : |
| Name of publisher, distributor, etc. | McGraw-Hill, |
| Date of publication, distribution, etc. | c1988. |
| 300 ## - PHYSICAL DESCRIPTION | |
| Extent | xiii, 253 p. : |
| Other physical details | ill. ; |
| Dimensions | 25 cm. |
| 440 #4 - SERIES STATEMENT/ADDED ENTRY--TITLE | |
| Title | The McGraw-Hill series in intuitive IC electronics |
| 9 (RLIN) | 110501 |
| 505 ## - FORMATTED CONTENTS NOTE | |
| Formatted contents note | Some Preliminary Topics (Page-1), Voltage The Pressure of the Electrons (Page-21), Circuit Components Operating with Direct Current (Page-39), Circuit Components Operating with Direct Current (Page-39), Learning to Think Digital (Page-113), The Techniques of Digital Computers (Page-197), A Look into the Future (Page-241). |
| 650 #0 - SUBJECT ADDED ENTRY--TOPICAL TERM | |
| Topical term or geographic name entry element | Electronic digital computers. |
| 942 ## - ADDED ENTRY ELEMENTS (KOHA) | |
| Source of classification or shelving scheme | |
| Koha item type | Book |
| Withdrawn status | Lost status | Source of classification or shelving scheme | Damaged status | Not for loan | Permanent Location | Current Location | Shelving location | Date acquired | Full call number | Barcode | Date last seen | Price effective from | Koha item type | Public note | Total Checkouts |
|---|---|---|---|---|---|---|---|---|---|---|---|---|---|---|---|
| Military College of Signals (MCS) | Military College of Signals (MCS) | General Stacks | 12/12/2016 | 621.39,FRE | MCS285 | 12/08/2016 | 12/12/2016 | Book | Almirah No.74, Shelf No.5 | ||||||
| Military College of Signals (MCS) | Military College of Signals (MCS) | General Stacks | 03/17/2023 | 621.39,FRE | MCS286 | 03/17/2023 | 03/17/2023 | Book | Almirah No.74, Shelf No.5 |
